Word Scramble - US Presidents #3 - Statistics

General Stats
  • This quiz has been taken 38 times
  • The average score is 10 of 12
Answer Stats
Hint Answer % Correct
Dorf Ford
100%
Nonsojh Johnson
100%
Ambao Obama
94%
Lokp Polk
94%
Voroeh Hoover
91%
Frnofseej Jefferson
91%
Collinn Lincoln
86%
Leyrt Tyler
83%
Solinw Wilson
83%
Milroelf Fillmore
80%
frailged Garfield
77%
Lodogice Coolidge
51%
No matching quizzes found
Score Distribution
Percent of People with Each Score
Percentile by Number Answered
Your Score History
You have not taken this quiz